| 000 -LEADER |
| fixed length control field |
00859nam a2200217Ia 4500 |
| 001 - CONTROL NUMBER |
| control field |
1883 |
| 003 - CONTROL NUMBER IDENTIFIER |
| control field |
GE_BSU |
| 005 - DATE AND TIME OF LATEST TRANSACTION |
| control field |
20221006145023.0 |
| 008 - FIXED-LENGTH DATA ELEMENTS--GENERAL INFORMATION |
| fixed length control field |
181216s2007ru xx |||||||||||||| ||rus|| |
| 020 ## - INTERNATIONAL STANDARD BOOK NUMBER |
| International Standard Book Number |
594985233 |
| 040 ## - CATALOGING SOURCE |
| Transcribing agency |
GE_BSU |
| 080 ## - UNIVERSAL DECIMAL CLASSIFICATION NUMBER |
| Universal Decimal Classification number |
342.4(075.8) Г-12 |
| 100 ## - MAIN ENTRY--PERSONAL NAME |
| Personal name |
Габричидзе, Б.Н. |
| 9 (RLIN) |
15103 |
| 245 ## - TITLE STATEMENT |
| Title |
Конституционное право Росии : |
| Remainder of title |
Учуебник для вузов / |
| Statement of responsibility, etc. |
Б.Н. Габричидзе, А.Г. Чернявский. |
| 264 ## - PRODUCTION, PUBLICATION, DISTRIBUTION, MANUFACTURE, AND COPYRIGHT NOTICE |
| Place of production, publication, distribution, manufacture |
Москва : |
| Name of producer, publisher, distributor, manufacturer |
Еорговая корпорация Дашков К, |
| Date of production, publication, distribution, manufacture, or copyright notice |
2007. |
| 300 ## - PHYSICAL DESCRIPTION |
| Extent |
1124 с. : |
| Other physical details |
20 см. |
| 653 ## - INDEX TERM--UNCONTROLLED |
| keyword |
Конституционное право Росии |
| 653 ## - INDEX TERM--UNCONTROLLED |
| keyword |
რუსეთის კონსტიტუციური სამართალი |
| 710 ## - ADDED ENTRY--CORPORATE NAME |
| Corporate name or jurisdiction name as entry element |
Чернявский,А.Г |
| 9 (RLIN) |
15104 |
| 942 ## - ADDED ENTRY ELEMENTS (KOHA) |
| Koha item type |
წიგნი |
| Source of classification or shelving scheme |
|